[Event "FIDE World Bl Team Pool B"]
[Site "Almaty"]
[Date "2024.08.05"]
[Round "2.15"]
[White "Skak, Abuali"]
[Black "Rodionov, Adil"]
[Result "0-1"]
[WhiteElo "1969"]
[BlackElo "2353"]
[PlyCount "42"]
[EventDate "2024.08.05"]
[EventType "team (blitz)"]
[EventRounds "7"]
[EventCountry "KAZ"]
[SourceTitle "CBM 221 Extra"]
[Source "ChessBase"]
[SourceDate "2024.09.30"]
[SourceVersion "1"]
[SourceVersionDate "2024.09.30"]
[SourceQuality "1"]
[WhiteTeam "Chess Mates"]
[BlackTeam "Helicopter"]
[WhiteTeamCountry "KAZ"]
[BlackTeamCountry "KAZ"]

1. e4 c5 2. Nf3 g6 3. d4 cxd4 4. Qxd4 Nf6 5. Qa4 Nc6 6. Nc3 d6 7. e5 dxe5 8. Nxe5 Bd7 9. Nxd7 Qxd7 10. Be3 Bg7 11. Bb5 0-0 12. Rd1 Qe6 13. 0-0 Ng4 14. Bc5 Qe5 15. Qxg4 Qxc5 16. Bxc6 bxc6 17. Rd3 Rab8 18. Na4 Qxc2 19. Re3 e6 20. a3 Rfd8 21. b4 Qxa4 0-1

[Event "FIDE World Rapid Team"]
[Site "Almaty"]
[Date "2024.08.03"]
[Round "5.3"]
[White "Askarov, Bakhtiyar"]
[Black "Skak, Abuali"]
[Result "1-0"]
[WhiteElo "2280"]
[BlackElo "1969"]
[PlyCount "119"]
[EventDate "2024.08.02"]
[EventType "team (rapid)"]
[EventRounds "12"]
[EventCountry "KAZ"]
[SourceTitle "CBM 221 Extra"]
[Source "ChessBase"]
[SourceDate "2024.09.30"]
[SourceVersion "1"]
[SourceVersionDate "2024.09.30"]
[SourceQuality "1"]
[WhiteTeam "Greco"]
[BlackTeam "Chess Mates"]
[WhiteTeamCountry "KAZ"]
[BlackTeamCountry "KAZ"]

1. c4 Nf6 2. Nf3 e6 3. g3 d5 4. Bg2 Be7 5. 0-0 0-0 6. d4 dxc4 7. Qc2 a6 8. Qxc4 b5 9. Qc2 Bb7 10. Bd2 Nbd7 11. Ba5 Bd6 12. Nbd2 Qc8 13. e4 e5 14. Rac1 c5 15. dxe5 Nxe5 16. Nxe5 Bxe5 17. b3 Bd4 18. e5 Bxg2 19. Kxg2 Ng4 20. Qe4 Nxe5 21. b4 Nc6 22. bxc5 Re8 23. Qd3 Qb7 24. Bb6 Ne5+ 25. Qe4 Qxe4+ 26. Nxe4 Nc4 27. Nc3 Rac8 28. Nd5 Bxc5 29. Bc7 h6 30. h4 Re2 31. a4 Rd2 32. Rfd1 Rxf2+ 33. Kh3 Kh7 34. Bf4 Nb2 35. Rh1 Nxa4 36. Nc7 Bb6 37. Nxa6 Rxc1 38. Rxc1 Bd4 39. Rc7 Kg8 40. Rc8+ Kh7 41. Rc7 Kg8 42. Rc8+ Kh7 43. Rc7 Bf6 44. h5 Nb6 45. Rxf7 Be5 46. Nc5 Bxf4 47. gxf4 Kg8 48. Rb7 Nd5 49. Ne6 Nxf4+ 50. Kg3 Nxe6 51. Kxf2 Nf4 52. Rxb5 g6 53. hxg6 Nxg6 54. Rb7 Kf8 55. Kf3 Ne7 56. Kf4 Kf7 57. Ke5 h5 58. Kd6 h4 59. Rxe7+ Kg6 60. Re5 1-0

[Event "FIDE World Rapid Team"]
[Site "Almaty"]
[Date "2024.08.03"]
[Round "7.27"]
[White "Savitskiy, Vladimir"]
[Black "Skak, Abuali"]
[Result "0-1"]
[WhiteElo "1893"]
[BlackElo "1969"]
[PlyCount "90"]
[EventDate "2024.08.02"]
[EventType "team (rapid)"]
[EventRounds "12"]
[EventCountry "KAZ"]
[SourceTitle "CBM 221 Extra"]
[Source "ChessBase"]
[SourceDate "2024.09.30"]
[SourceVersion "1"]
[SourceVersionDate "2024.09.30"]
[SourceQuality "1"]
[WhiteTeam "KRG Team"]
[BlackTeam "Chess Mates"]
[WhiteTeamCountry "KAZ"]
[BlackTeamCountry "KAZ"]

1. d4 Nf6 2. c4 e6 3. Nf3 d5 4. Nc3 Bb4 5. cxd5 exd5 6. Bf4 0-0 7. e3 Bf5 8. Be2 c6 9. 0-0 h6 10. h3 Bd6 11. Ne5 a5 12. Rc1 Na6 13. Bd3 Bxd3 14. Qxd3 Nc7 15. Bh2 Qe7 16. Na4 Ne6 17. f4 Ne4 18. Nc3 Nxc3 19. bxc3 Bxe5 20. fxe5 Ng5 21. c4 Ne4 22. c5 f6 23. Qe2 fxe5 24. Bxe5 Rxf1+ 25. Rxf1 Rf8 26. Rxf8+ Qxf8 27. Qg4 Qf7 28. Kh2 Kh7 29. a3 Nd2 30. Qe2 Nc4 31. Qd3+ Qg6 32. Qb3 Qf7 33. Bf4 Kg8 34. a4 Qe7 35. Qd3 Qe4 36. Qb3 g5 37. Bg3 Nxe3 38. Qb2 Nf1+ 39. Kg1 Nxg3 40. Qxb7 Ne2+ 41. Kf2 Nxd4 42. Qc8+ Kf7 43. Qh8 Qf4+ 44. Kg1 Ne2+ 45. Kh1 Qc1+ 0-1

[Event "Asia-ch Blitz U16"]
[Site "Almaty"]
[Date "2024.06.20"]
[Round "1"]
[White "Sapenov, Daniyal"]
[Black "Skak, Abuali"]
[Result "1-0"]
[WhiteElo "2327"]
[BlackElo "1934"]
[PlyCount "39"]
[EventDate "2024.06.20"]
[EventType "swiss (blitz)"]
[EventRounds "9"]
[EventCountry "KAZ"]
[SourceTitle "EXT 2025"]
[Source "ChessBase"]
[SourceDate "2024.10.14"]
[SourceVersion "1"]
[SourceVersionDate "2024.10.14"]
[SourceQuality "1"]
[WhiteTeam "KAZ"]
[BlackTeam "KAZ"]

1. Nf3 Nf6 2. c4 e6 3. g3 d5 4. b3 Be7 5. Bg2 0-0 6. Bb2 b6 7. 0-0 Bb7 8. e3 Nbd7 9. Qe2 c5 10. Nc3 Qc8 11. Rad1 h6 12. d3 Rd8 13. Ne1 d4 14. exd4 Bxg2 15. Kxg2 cxd4 16. Nb5 Nc5 17. Nxd4 Bf8 18. Ndf3 Nfd7 19. d4 Nd3 20. Nxd3 1-0

[Event "Asia-ch Rapid U16"]
[Site "Almaty"]
[Date "2024.06.10"]
[Round "1"]
[White "Skak, Abuali"]
[Black "Maslovskiy, Vladimir"]
[Result "0-1"]
[WhiteElo "1881"]
[BlackElo "2303"]
[PlyCount "82"]
[EventDate "2024.06.10"]
[EventType "swiss (rapid)"]
[EventRounds "9"]
[EventCountry "KAZ"]
[SourceTitle "EXT 2025"]
[Source "ChessBase"]
[SourceDate "2024.10.14"]
[SourceVersion "1"]
[SourceVersionDate "2024.10.14"]
[SourceQuality "1"]
[WhiteTeam "KAZ"]
[BlackTeam "RUS"]

1. e4 c5 2. c3 d5 3. exd5 Qxd5 4. d4 Nf6 5. Nf3 e6 6. Be2 Nc6 7. 0-0 cxd4 8. cxd4 Be7 9. Nc3 Qd6 10. Be3 0-0 11. Qb3 Rd8 12. a3 a6 13. Rfd1 b5 14. Ng5 Na5 15. Qc2 Bb7 16. Nce4 Nxe4 17. Nxe4 Qc6 18. Qxc6 Bxc6 19. Nc5 Nc4 20. b3 Nxe3 21. fxe3 e5 22. Rac1 Bg5 23. Rc3 exd4 24. exd4 Bf6 25. Rcd3 Bd5 26. Bf3 Bxf3 27. gxf3 Rd5 28. Kf2 g6 29. b4 a5 30. Ne4 Bg7 31. Nc3 Rh5 32. Kg3 axb4 33. axb4 Rc8 34. Ne4 Rc4 35. h4 Rxb4 36. d5 f5 37. Ng5 Be5+ 38. Kf2 Rhxh4 39. Ne6 Rb2+ 40. Ke3 f4+ 41. Ke4 Re2+ 0-1